| 000 | 00773nam a22002297a 4500 | ||
|---|---|---|---|
| 003 | UA-OsUOA | ||
| 001 | 118030 | ||
| 007 | ta | ||
| 008 | 20160704b un ||||| |||| 00| 0 ukr d | ||
| 090 |
_a339.172(038) _bТ49 |
||
| 942 | _cBK | ||
| 040 |
_aUA-OsUOA _bukr _cUA-OsUOA _dUA-OsUOA |
||
| 245 |
_aТлумачний словник термінів біржової торгівлі та біржове законодавство України _bпонад 800 термінів _cуклад. А. І. Берлач |
||
| 300 | _a185 с. | ||
| 955 | _a2 | ||
| 041 | _aukr | ||
| 080 | _a339.172(038) | ||
| 020 | _a966-388-107-0 | ||
| 260 |
_aК. _bУкраїна _c2007 |
||
| 650 | 7 |
_a339.1 Загальні питання торгівлі. Ринок _2UDC |
|
| 999 |
_c404055 _d404055 |
||